<?xml version="1.0" encoding="UTF-8"?>
<record
    xmlns:xsi="http://www.w3.org/2001/XMLSchema-instance"
    xsi:schemaLocation="http://www.loc.gov/MARC21/slim http://www.loc.gov/standards/marcxml/schema/MARC21slim.xsd"
    xmlns="http://www.loc.gov/MARC21/slim">

  <leader>00660nam a22001937a 4500</leader>
  <controlfield tag="001">T027600004991</controlfield>
  <controlfield tag="008">181111b        xve|||||r|||| 00| | esp d</controlfield>
  <datafield tag="099" ind1=" " ind2=" ">
    <subfield code="a">IVP-D-01646</subfield>
    <subfield code="b"></subfield>
  </datafield>
  <datafield tag="100" ind1=" " ind2=" ">
    <subfield code="a">Oficina Central de Coordinaci&#xF3;n y Planificaci&#xF3;n de la Presidencia de la Rep&#xFA;blica (CORDIPLAN).</subfield>
  </datafield>
  <datafield tag="245" ind1=" " ind2=" ">
    <subfield code="a">IV Plan de la Naci&#xF3;n. El desarrollo social y cultural.</subfield>
  </datafield>
  <datafield tag="260" ind1=" " ind2=" ">
    <subfield code="a"></subfield>
  </datafield>
  <datafield tag="500" ind1=" " ind2=" ">
    <subfield code="a">Fotocopiado</subfield>
  </datafield>
  <datafield tag="650" ind1=" " ind2=" ">
    <subfield code="a">Planes de Desarrollo--IV Plan de la Naci&#xF3;n--Venezuela</subfield>
  </datafield>
  <datafield tag="650" ind1=" " ind2=" ">
    <subfield code="a">Desarrollo SocialIV Plan de la Naci&#xF3;n--Venezuela</subfield>
  </datafield>
  <datafield tag="650" ind1=" " ind2=" ">
    <subfield code="a">Cultura--IV Plan de la Naci&#xF3;n--Venezuela.</subfield>
  </datafield>
  <datafield tag="650" ind1=" " ind2=" ">
    <subfield code="a">Venezuela</subfield>
  </datafield>
  <datafield tag="650" ind1=" " ind2=" ">
    <subfield code="a">Espa&#xF1;ol</subfield>
  </datafield>
  <datafield tag="942" ind1=" " ind2=" ">
    <subfield code="c">LIB</subfield>
  </datafield>
  <datafield tag="999" ind1=" " ind2=" ">
    <subfield code="c">6127</subfield>
    <subfield code="d">6127</subfield>
  </datafield>
  <datafield tag="952" ind1=" " ind2=" ">
    <subfield code="0">0</subfield>
    <subfield code="1">0</subfield>
    <subfield code="4">0</subfield>
    <subfield code="7">0</subfield>
    <subfield code="8">IVP</subfield>
    <subfield code="a">FEVP</subfield>
    <subfield code="b">FEVP</subfield>
    <subfield code="c">Caja N&#xB0; 235</subfield>
    <subfield code="d">2018-11-13</subfield>
    <subfield code="l">0</subfield>
    <subfield code="o">IVP-D-01646</subfield>
    <subfield code="p">T027600004983</subfield>
    <subfield code="r">2018-11-13 00:00:00</subfield>
    <subfield code="w">2018-11-13</subfield>
    <subfield code="y">DOC</subfield>
  </datafield>
</record>
